عرض عادي عرض مارك
  • معهد الرسوم الأمريكي

مدخل إسم هيئة

عدد التسجيلات المستخدمة في: 1

001 - رقم الضبط

  • حقل الضبط: 57912

003 - معرف رقم الضبط

  • حقل الضبط: OSt

005 - تاريخ ووقت أخر عملية

  • حقل الضبط: 20170703164638.0

008 - عناصر بيانات ثابتة الطول

  • حقل تحكم ثابت الطول: 170703|| aca||aabn | a|a d

040 ## - مصدر الفهرسة

  • هيئة الفهرسة الأصلية: OSt
  • وكالة الكتابة: OSt

110 ## - مدخل -- أسم شخص

  • اسم الهيئه او اسم السلطه كعنصر مدخل: معهد الرسوم الأمريكي

670 ## - بيانات المصدر موجوده

  • الاستشهاد بالمصدر: Work cat.: (OSt): سميث، جيرون 16547, أدوبي أفتر إفيكتس CS 6 :, 2015.